000
00321nam a2200109Ia 4500
008
171211s9999 xx 000 0 und d
245
_a
Hollywood's Hawaii : Race, Nation, and War
245
_c
Delia Malia Caparoso Konzett
260
_c
2017
650
_x
cinema
856
_u
http://down.ebook777.com/064/9780813587431.pdf
999
_c
348723
_d
348723